Регионална библиотека "Любен Каравелов" - Русе

Дъщерята на президента (Запис номер 20571)

MARC детайли
000 -Лидер
Контролно поле с фиксирана дължина 01379nam a2200361 c 4500
003 - Код на организацията, давaща контролен номер
Контролно поле BLK
005 - Дата и час на последна редакция
Контролно поле 20230718162716.0
008 - Елементи от данни с фиксирана дължина
fixed length control field 180413b bul|||||r ||||||| ||bul||
010 ## - Наследен системен номер
LC control number KNG00022803000
020 ## - Международен стандартен номер на книга ISBN
Международен стандартен номер на книга ISBN 954-8127-029-6
040 ## - Източник на каталожния запис
Идентификатор на билиотеката - собственик на записа BLK
041 ## - Код за език
Код за езика на текст/звукозапис или на отделно заглавие Български
Код за езика КДБФ Български
080 ## - УДК
Текстов определител УДК Английска литература
УДК код - определител по УДК 821.111
УДК определител -31
УДК - код + определител 821.111-31
100 1# - Редна дума - Автор
Автор Хигинс, Джек
Авторска отговорност първи автор
Автор - информация (биография) Петерсън, Хари
R(LIN) 243609
139 ## - Редно поле
Редна дума Хигинс, Джак
Авторски знак Хиг - Х 48
245 10 - Сведения за заглавието
Заглавие Дъщерята на президента
Подзаглавни данни [Роман]
Редно поле (дума) Джек Хигинс; прев. Юлиана Цалева; Джак Хигинс.
257 ## - Страна на издаване
Страна на създаване/издаване Великобритания
260 ## - Област на издателските данни
Име на издателя, разпространителя и проч. Одисей
Година на издаване 1998
Печатница Перник : СъПерник-98
Място на издаване, разпространение и проч. София
300 ## - Физическа характеристика
Страници 312 с.
Размери/Мащаб 20 см
380 ## - Жанр
Жанр Худож. лит.
490 ## - СЕРИИ (Колекции)
Име на серия Майстори на трилъра
500 ## - Общи забележки
Забележка Ориг. загл. The President's Daughter / Jack Higgins. - 3 000 тир. - Истинското име на авт. е Хенри Патерсън.
653 ## - Ключова дума – ненормативна
Ключова дума романи
700 1# - Други автори (авторска отговорност)
Лично име Цалева, Юлиана
Автороска отговорност (Описва отношението между автора и произведението) прев.
9 (RLIN) 365545
700 1# - Други автори (авторска отговорност)
Лично име Хигинс, Джак
Друга информация Патерсън, Хенри
9 (RLIN) 363411
856 4# - Електронен адрес и достъп
Електронен формат pdf - файл
Път до файла /url/
856 4# - Електронен адрес и достъп
Електронен формат pdf - файл
Път до файла /url/
942 ## - АРТИКУЛИ
Вид на библиотечния материал Книги
Скрит в OPAC Не
944 ## - СЪЗДАВАНЕ И РЕДАКЦИЯ на ЗАПИСА
Създаване/Редакция Създаване
Статус, дата на статуса Нора Радева
Служител, извършил регистрацията/редакцията 30545
999 ## - СИСТЕМНИ КОНТРОЛНИ НОМЕРА
Koha biblionumber 20571
Koha biblioitemnumber 20571
999 ## - СИСТЕМНИ КОНТРОЛНИ НОМЕРА
Koha biblioitemnumber 20571
999 ## - СИСТЕМНИ КОНТРОЛНИ НОМЕРА
Koha biblioitemnumber 20571
999 ## - СИСТЕМНИ КОНТРОЛНИ НОМЕРА
Koha biblioitemnumber 20571
Наличности
Код за отписване Код за изгубен артикул Източник на класификационната схема Код за повреда Коз за рестрикции Код за отдаване Артикулен № Име на библиотеката - собственик Име на библиотеката, в която се намира в момента Статус (Текущо местоположение) Дата на вписване в системата Местоположение - отдел Цена в лева Инвентарен номер Систематично азбучна сигнатура Баркод Номер на екземпляра Цена в евро Служебна бележка Служебен тип на артикула
Изтеглен Не е изгубен Universal Decimal Classification Не е повреден без рестрикции заемане за дома 34085 Регионална библиотека "Любен Каравелов" Русе Регионална библиотека "Любен Каравелов" Русе Заемна - подръчен фонд 2001-01-01 Заемна - подръчен фонд 3.20 639026 П 820(73)-31/Х 48 639026 1 1.64 Дост: Pk Вид: Ф N: стар фонд Дата: 01.01.1998 Книги
Изтеглен Не е изгубен Universal Decimal Classification Не е повреден без рестрикции заемане за дома 34086 Регионална библиотека "Любен Каравелов" Русе Регионална библиотека "Любен Каравелов" Русе Заемна - подръчен фонд 2001-01-01 Заемна - подръчен фонд 3.20 639027 П 820(73)-31/Х 48 639027 2 1.64 Дост: Pk Вид: Ф N: стар фонд Дата: 01.01.1998 Книги
  Не е изгубен Universal Decimal Classification Не е повреден само за читалня ползва се в читалня 930915 Регионална библиотека "Любен Каравелов" Русе Регионална библиотека "Любен Каравелов" Русе Хранилище 2023-07-20 Основен фонд - ползва се само за читалня 3.20 120000890248 Цб 318894 120000890248   1.64   Книги
Vip Innovations Ltd, Rousse, Bulgaria 2025